000 01060na a2200301 4500
001 16956
003 MIRAKIL
005 20181213154957.0
008 161018b tu 000 0
020 _a9786055614027
035 _a16956
040 _aMilas
_btur
_cTR-AnCHP
041 _atur
_ager
082 _a346.077
_bM32m 2009
090 _a346.077 M32m 2009
111 _aMedeni Usul ve İcra-İflas Hukukçuları Toplantısı
_cİzmir
_d2008
_n7
245 _aMedeni usul ve icra-iflas hukukçuları toplantısı - VII
_bİlamsız icra
_cTürkiye Barolar Birliği
246 _aİlamsız icra
260 _aAnkara
_bTürkiye Barolar Birliği
_c2009
300 _aix, 322 s.
_c24 sm.
490 _aTürkiye Barolar Birliği yayınları
_v163
500 _aEser adı başında: Doçent Dr. Haluk Konuralp'in Anısına
650 _aİcra hukuku
_xEleştiriler
_yToplantılar
_zTürkiye
650 _aİcra hukuku
_yToplantılar
_zAlmanya
650 _aİcra hukuku
_yToplantılar
_zİsviçre
710 _aTürkiye Barolar Birliği
942 _2dcc
_cBKS
999 _c4217
_d4217